1716 1025 1771 1822 1711 1871 1390 1756 1068 1996 1924 1576 1276 1903 1797 1183 1296 1795 1872 1221 1409 1294 1254 1936 1327 1978 1927 1317 1171 1775 1753 1481 1167 1116 1893 1621 1431 1100 1965 1007 1969 1542 1538 1096 1079 1678 1829 1882 1435 1034 1337 1629 1570 1453 1766 1826 1445 1628 1226 1691 1596 1138 1528 1421 1019 1290 1110 1124 1649 1215 1036 1148 1408 1464 1501 1941 1524 1522 1100 1014 1398 1476 1223 1189 1177 1286 1445 1695 1211 1488 1314 1810 1508 1889 1274 1727 1207 1180 1803 BCNSPRNW ULIB Ver.6.0+V

เปลี่ยนเป็นภาษาไทย

Change to English
 แสดงรายละเอียดบรรณานุกรม
  กลับหน้าหลัก

Brief Record : Get Marc (ISO 2709) : E-mail record : QR code < ปิดหน้าต่าง
LEADER : 00000nam 2200000uu 4500
001    13399123260
003     ULIB
008    140807s2551||||th 000 0 tha d
020    9789741632466
090    นว
100 0  ฮากึนชั่น และคนอื่นๆ
245 00 ทะเลและผีเสื้อ/^cฮากึนชั่น และคนอื่นๆ แปลโดยกนกวรรณ สาโรจน์, อุไรวรรณ จิตเป็นธม คิม
260    ู^c2551
700 0  นกวรรณ สาโรจน์,ผู้แปล
710 1  อุไรวรรณ จิตเป็นธม คิม,ผู้แปล
945    ^p0^l0^i024965
999    ^aเกษร โพธิ์สุวรรณ
รายการนี้ยังไม่มีแท็ก
คุณยังไม่ได้ล็อกอิน คุณสามารถมีกิจกรรมร่วมกับเว็บไซต์ได้ แต่ต้องล็อกอินก่อน ::
  ล็อกอิน

รายการสื่อสารสนเทศ

ลำดับที่ ประเภท เลขเรียก/บาร์โค้ด สถานที่ สถานะ
1. นวนิยาย
นวนิยาย
นว ฉ.1 
  Barcode: 024965
ห้องสมุดวิทยาเขตสวรรค์ประชารักษ์
►นวนิยาย
บนชั้น
  ขอยืม

BibComment


ยังไม่เคยถูกคอมเมนท์

คอมเมนท์ทรัพยากรรายการนี้
  คอมเมนท์: ทะเลและผีเสื้อ ฮา..


 Copyright 2026. Bcnsprnw @Library